Normal view MARC view
  • DEVALE, MR. TITIKSHA.L, AND MINIYAR,DR. PANKAJ.B

Entry Personal Name

Number of records used in: 1

001 - CONTROL NUMBER

  • control field: 8370

003 - CONTROL NUMBER IDENTIFIER

  • control field: JRU

005 - DATE AND TIME OF LATEST TRANSACTION

  • control field: 20240109163114.0

008 - FIXED-LENGTH DATA ELEMENTS

  • fixed length control field: 240109|| aca||aabn | a|a d

040 ## - CATALOGING SOURCE

  • Original cataloging agency: JRU
  • Transcribing agency: JRU

100 ## - HEADING--PERSONAL NAME

  • Personal name: DEVALE, MR. TITIKSHA.L, AND MINIYAR,DR. PANKAJ.B

670 ## - SOURCE DATA FOUND

  • Source citation: Work cat.: (JRU)5945: DEVALE, MR. TITIKSHA.L, AND MINIYAR,DR. PANKAJ.B, ACTIVE PHARMACEUTICAL INGREDIENTS TECHNOLOGY SIMPLIFIED (SEM-V)